| Tag |
First Indicator |
Second Indicator |
Subfields |
| LEADER |
00000cam a22000001 4500 |
| 001 |
in00000049724 |
| 005 |
20151007073728.0 |
| 008 |
731212s1966 cauac b 00000 eng |
| 010 |
|
|
|a 66024954
|
| 035 |
|
|
|a (OCoLC)00232799
|
| 035 |
|
|
|9 AAF0266AM
|
| 040 |
|
|
|a DLC
|c DLC
|d TXA
|d UtOrBLW
|
| 049 |
|
|
|a TXAM
|c [466758]
|
| 050 |
0 |
0 |
|a QL31.T9
|b A3
|
| 082 |
0 |
|
|a 591/.0924
|
| 092 |
|
|
|a 591
|b T974o, 1966
|
| 100 |
1 |
|
|a Twitty, Victor Chandler.
|
| 245 |
1 |
0 |
|a Of scientists and salamanders.
|
| 264 |
|
1 |
|a San Francisco :
|b W.H. Freeman,
|c [1966]
|
| 300 |
|
|
|a ix, 178 pages :
|b illustrations, portrait ;
|c 25 cm.
|
| 336 |
|
|
|a text
|b txt
|2 rdacontent
|
| 337 |
|
|
|a unmediated
|b n
|2 rdamedia
|
| 338 |
|
|
|a volume
|b nc
|2 rdacarrier
|
| 504 |
|
|
|a Bibliography: pages [171]-176.
|
| 650 |
|
0 |
|a Embryologists
|x Biography.
|
| 650 |
|
0 |
|a Salamanders.
|
| 999 |
|
|
|a MARS
|
| 999 |
f |
f |
|s 3f89214c-4f47-38af-ad5b-ef65f45bcced
|i cd2c3d7f-4cc9-3d00-8031-1ac0f18636a3
|t 0
|
| 952 |
f |
f |
|p ric
|a Texas A&M University
|b Rellis Campus
|c Joint Library Facility
|d Remote Storage
|t 0
|e QL31.T9 A3
|h Library of Congress classification
|i unmediated -- volume
|m A14801005173
|
| 998 |
f |
f |
|a QL31.T9 A3
|t 0
|l Remote Storage
|